00262nam a2200109Ia 4500008004100000041000800041082001500049100001900064245003700083260002500120365000700145230303s9999 xx 000 0 und d aeng a621.86 RAJ aRajput ( R.K ) aElectrical Engineering Materials aBANGLOREbLAXMI PUB. cRS